| 000 | 00797nam a2200229 a 4500 | ||
|---|---|---|---|
| 001 | 2208 | ||
| 003 | CDMR | ||
| 005 | 20131128132401.0 | ||
| 008 | 130130s1983||||||||||||||||||||||||||||d | ||
| 020 | _a8450095247 (Vol. 1) | ||
| 040 |
_aCDMR _bcat _cCDMR |
||
| 100 | 1 |
_aBlasco, Ricard _91639 |
|
| 245 | 1 | 3 |
_aLa premsa del País Valencià (1790-1983) _b: catàleg bibliogràfic de les publicacions periòdiques aparegudes al País Valencià des de 1790 fins els nostres dies |
| 260 |
_aValència _bInstitució Alfons el Magnànim |
||
| 260 |
_bDiputació Provincial de València _c1983 |
||
| 300 | _a1086 p. | ||
| 490 | 0 |
_aArxius i Documents _v2 |
|
| 650 | 0 | 4 |
_94131 _aPublicacions en sèrie |
| 650 | 0 | 4 |
_94083 _aPremsa _vBibliografia |
| 650 | 0 | 4 |
_93311 _aPremsa _zComunitat Valenciana |
| 942 |
_cMON _2udc |
||
| 999 |
_c2208 _d2208 |
||